000 00443nab a2200145Ia 4500
003 ES-SlBCS
005 20210601125505.0
008 140529s1999 xxu||||| |||| 00| 0 eng d
041 _aeng
100 1 _aMiller, Fred D. Jr.
_9159195
245 0 0 _aAristotle's Philosophy of Soul
_c Fred D. Jr. Miller
600 0 4 _aAristóteles-Alma
_9159240
773 0 _tReview of Methaphysics
_gvol. 53/2, nº. 210, 1999, págs. 309-338
_wRev843
942 _cAR
999 _c531156
_d531156